书目信息 |
| 题名: |
建筑模型设计与制作指南
|
|
| 作者: | 米尔斯 著 ;李哲 , 肖蓉 , 王立亚 译 | |
| 分册: | ||
| 出版信息: | 南京 江苏凤凰科学技术出版社 2024.11 |
|
| 页数: | 270页 | |
| 开本: | 19x26cm | |
| 丛书名: | ||
| 单 册: | ||
| 中图分类: | TU205-62 | |
| 科图分类: | ||
| 主题词: | 模型(建筑)--mo xing(jian zhu)--设计--指南 , 模型(建筑)--mo xing(jian zhu)--制作--指南 | |
| 电子资源: | ||
| ISBN: | 978-7-5713-4343-9 | |
| 000 | 01513nam0 2200337 450 | |
| 001 | 90413 | |
| 005 | 20250815182753.02 | |
| 010 | @a978-7-5713-4343-9@dCNY98.00 | |
| 100 | @a20250102d2024 em y0chiy50 ea | |
| 101 | 1 | @achi@ceng |
| 102 | @aCN@b320000 | |
| 105 | @aa z 000yy | |
| 106 | @ar | |
| 200 | 1 | @a建筑模型设计与制作指南@Ajian zhu mo xing she ji yu zhi zuo zhi nan@f(美) 克里斯·B.米尔斯著@g李哲, 肖蓉, 王立亚译 |
| 210 | @a南京@c江苏凤凰科学技术出版社@d2024.11 | |
| 215 | @a270页@c图@d19x26cm | |
| 300 | @a凤凰传媒 | |
| 305 | @a据原书第3版译出 | |
| 306 | @a由John Wiley & Sons, Inc授予出版 | |
| 312 | @a原文题名取自版权页 | |
| 330 | @a本书是一本介绍如何制作和使用模型来辅助进行建筑设计的实用性图书。书中以制作模型的全过程为主线, 按照制作模型的顺序以及所需材料, 逐步向读者展示建筑模型的技法。通过系统、深入详细的阐释案例, 结合800多张高质量的示范照片, 作者向读者介绍了制作模型的基础内容以及材料和工具的选择, 包括制作方法、确定比例、产生理念、探索设计过程和替代方案、通过模型修正设计方案以及借助模型信息深化方案等。 | |
| 500 | 10 | @aDesigning with models : a studio guide to architectural process models@mChinese |
| 606 | 0 | @a模型(建筑)@Amo xing(jian zhu)@x设计@j指南 |
| 606 | 0 | @a模型(建筑)@Amo xing(jian zhu)@x制作@j指南 |
| 690 | @aTU205-62@v5 | |
| 701 | 1 | @a米尔斯@Ami er si@g(Mills, Criss B.)@4著 |
| 702 | 0 | @a李哲@Ali zhe@4译 |
| 702 | 0 | @a肖蓉@Axiao rong@4译 |
| 702 | 0 | @a王立亚@Awang li ya@4译 |
| 801 | 0 | @aCN@c20250909 |
| 905 | @a河南城建学院图书馆@dTU205-62@eM645@f1 | |
| 建筑模型设计与制作指南/(美) 克里斯·B.米尔斯著/李哲, 肖蓉, 王立亚译.-南京:江苏凤凰科学技术出版社,2024.11 |
| 270页:图;19x26cm |
| 凤凰传媒 |
| ISBN 978-7-5713-4343-9:CNY98.00 |
| 本书是一本介绍如何制作和使用模型来辅助进行建筑设计的实用性图书。书中以制作模型的全过程为主线, 按照制作模型的顺序以及所需材料, 逐步向读者展示建筑模型的技法。通过系统、深入详细的阐释案例, 结合800多张高质量的示范照片, 作者向读者介绍了制作模型的基础内容以及材料和工具的选择, 包括制作方法、确定比例、产生理念、探索设计过程和替代方案、通过模型修正设计方案以及借助模型信息深化方案等。 |
| ● |
| 相关链接 |
|
|
|
正题名:建筑模型设计与制作指南
索取号:TU205-62/M645
 
预约/预借
| 序号 | 登录号 | 条形码 | 馆藏地/架位号 | 状态 | 备注 |
| 1 | 1624375 | 216243759 | 建筑库101/101建筑库 40排2列3层/ [索取号:TU205-62/M645] | 在馆 |